[Event "OHS 2018"]
[Site "?"]
[Date "2018.03.14"]
[Round "7.3"]
[White "Friedrich, Patrick"]
[Black "Funke, Eckhard"]
[Result "1/2-1/2"]
[WhiteElo "1940"]
[BlackElo "1764"]
[PlyCount "72"]
[EventDate "2018.03.19"]
[WhiteTeam "SC Weiße Dame Borbeck 25"]
[BlackTeam "SV Günnigfeld 1922 e.V"]

1. d4 Nf6 2. c4 e6 3. g3 d5 4. Nf3 Be7 5. Bg2 O-O 6. O-O dxc4 7. Qa4 a6 8. Qxc4
b5 9. Qc2 Bb7 10. Rd1 Nc6 11. a3 Na5 12. Nbd2 Rb8 13. b4 Nc6 14. Nb3 Nd5 15.
Nfd2 Na7 16. Bb2 Nb6 17. Bxb7 Rxb7 18. Rac1 Na4 19. Ba1 c6 20. Na5 Rc7 21. e4
f5 22. Qa2 Qd7 23. d5 cxd5 24. Rxc7 Qxc7 25. exd5 Rd8 26. Nf1 Kh8 27. Ne3 f4
28. gxf4 Qxf4 29. Rd4 Qf8 30. dxe6 Nb6 31. Qe2 Nac8 32. Nc6 Rxd4 33. Bxd4 Bf6
34. Bc5 Qe8 35. Nd4 Na4 36. Ndf5 Nxc5 1/2-1/2

[Event "OHS 2018"]
[Site "?"]
[Date "2018.03.14"]
[Round "7.4"]
[White "Ponto, Michael"]
[Black "Wolff, Christoph"]
[Result "1/2-1/2"]
[WhiteElo "1666"]
[BlackElo "1948"]
[PlyCount "104"]
[EventDate "2018.03.19"]
[WhiteTeam "SV Horst-Emscher 31"]
[BlackTeam "SC Buer-Hassel 1919 e.V."]

1. c4 e5 2. Nc3 Nc6 3. Nf3 Bc5 4. e3 d6 5. Be2 Nf6 6. d4 exd4 7. exd4 Bb6 8.
O-O h6 9. h3 a6 10. Be3 O-O 11. Rc1 Bf5 12. a3 Ne7 13. b4 c6 14. Re1 Qd7 15. c5
Bc7 16. Bf4 Ned5 17. Nxd5 Nxd5 18. Bh2 Rfe8 19. Nd2 dxc5 20. Bxc7 Nxc7 21. g4
Bg6 22. dxc5 Rad8 23. Nf3 Nd5 24. Qb3 Nf4 25. Bf1 Qc7 26. Rxe8+ Rxe8 27. Re1
Rxe1 28. Nxe1 Qe5 29. Qe3 Qa1 30. Qxf4 Qxe1 31. Qe3 Qd1 32. Kg2 Qd5+ 33. Kg3
Be4 34. f3 Qe5+ 35. Qf4 Qxf4+ 36. Kxf4 Bd5 37. Bd3 g5+ 38. Kg3 Kg7 39. f4 Kf6
40. Bc2 Bc4 41. Be4 Ke6 42. Bg2 Bd5 43. Bf1 f6 44. Bd3 Bb3 45. Be4 Bd1 46. Bg2
f5 47. Bh1 Kf6 48. Bg2 h5 49. fxg5+ Kxg5 50. h4+ Kh6 51. g5+ Kg6 52. Kf4 Bb3 1/2-1/2

[Event "OHS 2018"]
[Site "?"]
[Date "2018.03.14"]
[Round "7.5"]
[White "Hahn, Matthias"]
[Black "Zettl, Thomas"]
[Result "1-0"]
[WhiteElo "2065"]
[BlackElo "1889"]
[PlyCount "75"]
[EventDate "2018.03.19"]
[WhiteTeam "SV Bochum-Linden-Dahlh"]
[BlackTeam "SF Moers e.V."]

1. d4 g6 2. e4 Bg7 3. Nf3 d6 4. Bc4 e6 5. Bb3 b6 6. O-O Bb7 7. Re1 h6 8. c3 Ne7
9. Nbd2 Nd7 10. Nf1 c6 11. Ng3 Qc7 12. a4 O-O-O 13. Be3 d5 14. Qc1 g5 15. Nh5
Rdg8 16. e5 c5 17. Nxg7 Rxg7 18. a5 Nf5 19. axb6 axb6 20. Ba4 g4 21. Nd2 h5 22.
Bxd7+ Kxd7 23. dxc5 bxc5 24. Nb3 d4 25. cxd4 Bxg2 26. Qxc5 Nh4 27. Ra7 Bb7 28.
Qxc7+ Kxc7 29. Nc5 Nf3+ 30. Kf1 Nxe1 31. Rxb7+ Kc6 32. Kxe1 Ra8 33. Nxe6 Rg6
34. Nc5 Ra1+ 35. Ke2 Rh1 36. Rxf7 Rxh2 37. Rf6+ Rxf6 38. exf6 1-0

[Event "OHS 2018"]
[Site "?"]
[Date "2018.03.14"]
[Round "7.6"]
[White "Czarnik, Jozef"]
[Black "Kleinert, Andreas"]
[Result "1-0"]
[WhiteElo "1892"]
[BlackElo "1779"]
[PlyCount "79"]
[EventDate "2018.03.19"]
[WhiteTeam "SV Königsspringer Halt"]
[BlackTeam "SF Gelsenkirchen 2002"]

1. d4 Nf6 2. Nc3 d5 3. Bg5 c5 4. e3 cxd4 5. exd4 e6 6. Bd3 Nc6 7. Nf3 h6 8. Bh4
Be7 9. O-O O-O 10. Ne2 Nb4 11. c3 Nxd3 12. Qxd3 Bd7 13. Ne5 a6 14. Rfe1 Ne4 15.
Bxe7 Qxe7 16. Ng3 Nf6 17. Qf3 Qd6 18. Re3 b5 19. Nh5 Nxh5 20. Qxh5 f6 21. Nd3
Rae8 22. Rae1 Re7 23. Rg3 Kh8 24. f4 Be8 25. Qg4 h5 26. Qh4 Kh7 27. Rge3 g6 28.
g4 Kg7 29. f5 g5 30. Qf2 Bf7 31. gxh5 Rh8 32. Nc5 e5 33. Ne6+ Bxe6 34. dxe5 Qc6
35. exf6+ Kf7 36. fxe7 Bd7 37. f6 Rxh5 38. e8=Q+ Bxe8 39. Re7+ Kf8 40. Rxe8+ 1-0

[Event "OHS 2018"]
[Site "?"]
[Date "2018.03.14"]
[Round "7.7"]
[White "Koch, Burkhard"]
[Black "Bacaksiz, Bilal"]
[Result "1-0"]
[WhiteElo "1752"]
[BlackElo "1515"]
[PlyCount "71"]
[EventDate "2018.03.19"]
[WhiteTeam "SG Höntrop 1947"]
[BlackTeam "SF Springer Bochum 19"]

1. e4 c6 2. d4 d5 3. e5 Bf5 4. Bd3 Bxd3 5. Qxd3 e6 6. Nf3 Ne7 7. O-O Nd7 8. b3
Qc7 9. c4 c5 10. Nc3 dxc4 11. bxc4 cxd4 12. Nb5 Qb8 13. Nd6+ Kd8 14. Nxf7+ Ke8
15. Nd6+ Kd8 16. Qxd4 Ng6 17. Bg5+ Be7 18. Nf7+ Ke8 19. Nxh8 Ndxe5 20. Nxe5
Qxe5 21. Qxe5 Nxe5 22. Bxe7 Kxe7 23. Rab1 b6 24. c5 Nd7 25. cxb6 Nxb6 26. a4
Rxh8 27. a5 Nc4 28. Rb7+ Kf6 29. Rxa7 Rd8 30. a6 Rd6 31. Ra1 Na5 32. h3 Nc6 33.
Rb7 Rd8 34. a7 Ra8 35. Ra6 Nxa7 36. Raxa7 1-0

[Event "OHS 2018"]
[Site "?"]
[Date "2018.03.14"]
[Round "7.8"]
[White "Gregoritsch, Dirk"]
[Black "Boxberg, Marc"]
[Result "1-0"]
[WhiteElo "1725"]
[BlackElo "1634"]
[PlyCount "68"]
[EventDate "2018.03.19"]
[WhiteTeam "SC Doppelbauer Brambauer"]
[BlackTeam "SVigung Marten-Bövingh"]

1. d4 Nf6 2. Nf3 c5 3. g3 cxd4 4. Nxd4 Nc6 5. Bg2 d5 6. O-O e5 7. Nxc6 bxc6 8.
c4 Bb7 9. Qa4 Qd7 10. Rd1 d4 11. e3 Bc5 12. b4 Be7 13. exd4 exd4 14. Bb2 d3 15.
Qb3 Rd8 16. Rd2 O-O 17. Nc3 c5 18. Bxb7 Qxb7 19. b5 Qf3 20. Re1 Rfe8 21. Re3
Qf5 22. Nd1 Ng4 23. Rexd3 Rxd3 24. Qxd3 Qxd3 25. Rxd3 Bf8 26. h3 Re1+ 27. Kg2
Ne5 28. Bxe5 Rxe5 29. Rd7 Re7 30. Rxe7 Bxe7 31. Kf3 Kf8 32. Ke4 Ke8 33. Nc3 Kd7
34. Kd5 Bf6 1-0

[Event "OHS 2018"]
[Site "?"]
[Date "2018.03.14"]
[Round "7.9"]
[White "Gausmann, Thomas"]
[Black "Lojack, Rouven"]
[Result "1/2-1/2"]
[WhiteElo "1643"]
[BlackElo "1476"]
[PlyCount "68"]
[EventDate "2018.03.19"]
[WhiteTeam "SG Bochum 1931"]
[BlackTeam "SV Königsspringer Halt"]

1. e4 c5 2. Nc3 e6 3. f4 a6 4. Nf3 Nc6 5. g3 g6 6. Bg2 Bg7 7. O-O Nge7 8. d3
O-O 9. e5 d6 10. exd6 Qxd6 11. Bd2 Rb8 12. Ne4 Qc7 13. Rb1 b6 14. Bc3 Nd4 15.
Nxd4 cxd4 16. Bb4 Rd8 17. Rc1 Nd5 18. Bd2 Qd7 19. Qf3 Bb7 20. g4 Ne3 21. Bxe3
dxe3 22. f5 exf5 23. gxf5 Bxe4 24. Qxe4 Bxb2 25. fxg6 hxg6 26. Rce1 Re8 27. Qc4
Rbc8 28. Qb3 Bd4 29. Rxf7 e2+ 30. Kh1 Qe6 31. Qxe6 Rxe6 32. Rd7 Bf2 33. Bd5
Rxc2 34. Bxe6+ Kh8 1/2-1/2

[Event "OHS 2018"]
[Site "?"]
[Date "2018.03.14"]
[Round "7.11"]
[White "Illner, Jan"]
[Black "Krolik, Wilfried"]
[Result "1-0"]
[WhiteElo "1473"]
[BlackElo "1500"]
[PlyCount "95"]
[EventDate "2018.03.19"]
[WhiteTeam "SG Bochum 1931"]
[BlackTeam "SV Waltrop 1922 e.V."]

1. e4 c5 2. Nf3 Nc6 3. d4 cxd4 4. Nxd4 e5 5. Nxc6 bxc6 6. c4 Nf6 7. Bd3 d5 8.
cxd5 cxd5 9. Bb5+ Bd7 10. Bxd7+ Qxd7 11. exd5 Bb4+ 12. Bd2 Bxd2+ 13. Nxd2 Qxd5
14. O-O O-O 15. Nb3 Qb5 16. Qf3 e4 17. Qe3 Rfe8 18. Rfc1 Qd3 19. Qxd3 exd3 20.
Nc5 Rad8 21. Rd1 d2 22. Nb3 Re2 23. Kf1 Rde8 24. Rxd2 Rxd2 25. Nxd2 Rc8 26. Rd1
h6 27. Nb3 Rc2 28. Rd2 Rc7 29. f3 Nd7 30. Ke2 Ne5 31. f4 Nc4 32. Rc2 Re7+ 33.
Kd3 Nb6 34. g3 g5 35. fxg5 hxg5 36. Nc5 Nd5 37. a3 a5 38. Re2 Rc7 39. Kc4 Re7
40. Rxe7 Nxe7 41. g4 Ng6 42. Nd3 f6 43. Kb5 Ne5 44. Nxe5 fxe5 45. Kxa5 Kf7 46.
Kb5 Ke6 47. Kc5 e4 48. Kd4 1-0

[Event "OHS 2018"]
[Site "?"]
[Date "2018.03.14"]
[Round "7.12"]
[White "Rath, Michael"]
[Black "Buchhop, Rainer"]
[Result "1-0"]
[WhiteElo "1647"]
[BlackElo "1317"]
[PlyCount "104"]
[EventDate "2018.03.19"]
[WhiteTeam "SV Königsspringer Halt"]
[BlackTeam "SV Unser Fritz Wanne-E"]

1. d4 Nf6 2. Nf3 c5 3. c3 e6 4. Bg5 d5 5. Nbd2 Be7 6. Qc2 cxd4 7. cxd4 Nc6 8.
e3 h6 9. Bf4 O-O 10. Bb5 Qb6 11. Bxc6 bxc6 12. Ne5 Bb7 13. a4 a5 14. O-O c5 15.
dxc5 Bxc5 16. Rfc1 Rac8 17. Qb3 Rfd8 18. Nd3 Qxb3 19. Nxb3 Bb6 20. Nbc5 Ba8 21.
Be5 Ne4 22. Bd4 Nxc5 23. Bxc5 Bxc5 24. Nxc5 Rc6 25. Rc3 Rdc8 26. Rac1 Rb8 27.
b3 g5 28. Kf1 Kg7 29. Ke2 Kg6 30. f3 Rbc8 31. Kd2 Rd8 32. Nd3 Rxc3 33. Rxc3 d4
34. exd4 Rxd4 35. Ke3 Rd6 36. Rc5 Bd5 37. Rb5 f6 38. Nc5 f5 39. Nb7 Rc6 40. Kd2
Rc7 41. Nc5 h5 42. Ke3 f4+ 43. Ke2 g4 44. Rxa5 Kf5 45. b4 Bc4+ 46. Kf2 e5 47.
Ra8 Rc6 48. Rf8+ Kg5 49. Rd8 Kf5 50. Ne4 Bb3 51. Nc5 Kg5 52. a5 Bd1 1-0

[Event "OHS 2018"]
[Site "?"]
[Date "2018.03.14"]
[Round "7.13"]
[White "Kümmel, Hans-Jürgen"]
[Black "Hoffmann, Gary"]
[Result "0-1"]
[WhiteElo "1278"]
[BlackElo "1574"]
[PlyCount "98"]
[EventDate "2018.03.19"]
[WhiteTeam "SV Günnigfeld 1922 e.V"]
[BlackTeam "SG Höntrop 1947"]

1. d4 d6 2. e3 Nf6 3. Nf3 Bg4 4. Be2 Nbd7 5. c4 c5 6. d5 e6 7. Nc3 g6 8. dxe6
Bxe6 9. Qc2 Be7 10. b3 O-O 11. Bb2 d5 12. cxd5 Nxd5 13. Nxd5 Bxd5 14. O-O Qc7
15. e4 Bc6 16. Rad1 Nf6 17. Bxf6 Bxf6 18. Bc4 Qf4 19. Bd5 Bxd5 20. Rxd5 b6 21.
Qc4 Rae8 22. e5 Qxc4 23. bxc4 Bg7 24. Re1 Re7 25. Kf1 Rfe8 26. g3 h6 27. h4 a6
28. a4 Re6 29. Rd6 Rxd6 30. exd6 Rd8 31. Rd1 Bd4 32. Nxd4 Rxd6 33. Ke2 cxd4 34.
Kd3 f5 35. Re1 Kf7 36. f4 Kf6 37. Re5 g5 38. Rd5 Re6 39. Rxd4 gxh4 40. gxh4 Kg6
41. Rd5 Rf6 42. Kd4 Kh5 43. Ke5 Rc6 44. Kxf5 Rxc4 45. Ke6+ Kxh4 46. f5 Kg5 47.
f6+ Kg6 48. Kd7 Kxf6 49. Rd6+ Kg5 0-1

[Event "OHS 2018"]
[Site "?"]
[Date "2018.03.14"]
[Round "7.14"]
[White "Bleich, Karl-Heinz"]
[Black "Jaruschowitz, Roman"]
[Result "1-0"]
[WhiteElo "1560"]
[BlackElo "1383"]
[PlyCount "76"]
[EventDate "2018.03.19"]
[WhiteTeam "SV Springer Recklinghausen-Süd 1"]
[BlackTeam "SK Sodingen/Castrop 24/23 e.V."]

1. d4 Nf6 2. c4 e6 3. Nc3 g6 4. Nf3 Bg7 5. Bg5 h6 6. Bd2 d6 7. e3 O-O 8. Bd3
Nbd7 9. O-O c5 10. Nb5 Nb6 11. Ba5 a6 12. Nc3 cxd4 13. exd4 Nfd7 14. Na4 Qc7
15. Qb3 e5 16. Bxb6 Nxb6 17. Nxb6 Ra7 18. Nd5 Qd8 19. dxe5 dxe5 20. Rad1 Re8
21. Bb1 Bg4 22. Ne3 Qc8 23. Nxg4 Qxg4 24. h3 Qe6 25. Rfe1 Qc6 26. Be4 Qc7 27.
Bd5 Re7 28. Nh4 Bf6 29. Nxg6 Rd7 30. Qg3 Bg7 31. Nxe5 Re7 32. f4 Kf8 33. Qa3
Qb6+ 34. c5 Qf6 35. Rf1 Qf5 36. c6 Bxe5 37. fxe5 Qxe5 38. Rxf7+ Ke8 1-0